Pickleball Rules and Phrases - Statistics

General Stats
  • This quiz has been taken 19 times
  • The average score is 9 of 16
Answers on the Grid
Answers color-coded by a green-red scale on the quiz's grid according to % correct below.
Dinking
Drinking
Snaps
"Love"
"the kitchen"
Lobs
Drives
Dips
Let
Drops
Mixed-doubles
2 Serves Rule
"the pantry"
Underhand serve
Second Bounce Rule
Picks
Non-volley Zone
Lobby
Cross-court
"Johnson"
Foot Fault
Set and Spike
"Ernie"
Overhand serve
"Nasty Nelson"
PTT
Poaching
"Body Bag"
ATP
Serve and volley
 
Answer Stats
Answer % Correct
"the kitchen"
93%
Dinking
86%
Mixed-doubles
71%
Lobs
64%
Second Bounce Rule
64%
Underhand serve
64%
Drives
57%
Foot Fault
57%
Drops
50%
Non-volley Zone
50%
ATP
43%
Cross-court
43%
"Nasty Nelson"
43%
Poaching
43%
"Ernie"
36%
"Body Bag"
21%
No matching quizzes found
Score Distribution
Percent of People with Each Score
Percentile by Number Answered
Your Score History
You have not taken this quiz